000 00659nam a2200253Ia 4500
003 OSt
005 20221007104550.0
006 a|||||r|||| 00| 0
007 ta
008 221006b |||||||| |||| 00| 0 eng d
024 _a16,202
037 _cTextual
040 _aLCO
_cLCO
_beng
041 _2eng
_aeng
082 _aZ2,7,11q N08, M6
100 _aSaha A.N
_9246610
245 0 _aCode of Civil Procedure,1908
250 _a3rd
260 _aCalcutta
_bEastern Law House India
_c1986
300 _a1428
650 _aCIVIL PROCEDURE
_9681550
942 _hZ2,7,11q N08, M6
_cTEXL
999 _c1185765
_d1185765